000 01282nam a2200325 i 4500
003 EG-GICUC
005 20260310132525.0
008 260122s2005 ua |||fr|||| 00| 0 ara d
040 _a EG-GICUC
_bara
_c EG-GICUC
_d EG-GICUC
_erda
041 0 _aAra
082 0 4 _221
_a343.72
_bش ح . م
092 0 4 _221
099 _aLaw1 10 343.72 ش ح . م 2005
100 0 _aشحاته عبدالمطلب حسن أحمد
_eمؤلف.
245 1 0 _aمعوقات تنفيذ العقوبات البدنية فى الفقه الإسلامى والقانون الوضعى /
_cتأليف دكتور شحاته عبدالمطلب حسن أحمد.
264 1 _aالإسكندرية :
_bدار الجامعة الجديدة،
_c2005.
300 _a448 صفحة؛
_c24 سم.
336 _2rda content
_atext
337 _2rda media
_aComputer
338 _2rda carrier
_aOnline Resource
490 _aالمكتبة القانونية
504 _aببليوجرافيا: صفحات416-426.
546 _aالنص باللغة العربية
650 1 _aتنفيذ العقوبات
_2qrmak
650 1 _aالقانون الجنائى
_2qrmak
651 1 _2qrmak
856 4 0 _uhttps://fll.law.cu.edu.eg/fulltext/bks/B10-07819.pdf
905 _a54
_eYara
942 _2ddc
_cBK
_e21
_n0
999 _c58600
_d58600